Score 0/22 Timer 01:30
3 Plays Today
Hint Answer % Correct
___ SinatraFrank
97.6%
___ PresleyElvis
97.4%
___ NorrisChuck
95.4%
___ SpaceyKevin
94.4%
___ BeckhamDavid
94%
___ KravitzLenny
91%
___ SeinfeldJerry
89.8%
___ AgassiAndre
88.9%
___ JobsSteve
88.1%
___ HollyBuddy
85.6%
___ NewtonIsaac
83.8%
Hint Answer % Correct
___ Lee JonesTommy
80.9%
___ FordHenry
78%
___ BoltUsain
77.8%
___ WellesOrson
76.9%
___ ThickeRobin
76.9%
___ VaughnVince
76.8%
___ DinklagePeter
70.4%
___ DolenzMicky
46.2%
___ MillerGlenn
43.9%
___ LythgoeNigel
27.8%
___ IslamYusuf
16.7%
Remove Ads.
Support Sporcle.
Get the best of Sporcle when you Go Orange. This ad-free experience offers more features, more stats, and more fun while also helping to support Sporcle. Thank you for becoming a member.

You're not logged in!

Compare scores with friends on all Sporcle quizzes.
OR
Log In

Show Comments

Extras

Top Quizzes Today


Score Distribution

Your Account Isn't Verified!

In order to create a playlist on Sporcle, you need to verify the email address you used during registration. Go to your Sporcle Settings to finish the process.

Report this User

Report this user for behavior that violates our Community Guidelines.

Details: